01115nab a22002537a 4500003000400000005001700004008004100021040000700062100003400069245019300103260004200296300001300338500003700351505011100388505008900499650002000588650002400608650002600632650001600658650001800674650003300692700002200725773011400747OSt20260210092822.0190506c xxu||||| |||| 00| 0 spa d cPJ aCaporiccio, Francisco Vicente10aDel "fastidio procesal" a la justicia eficiente. Apuntes para una transición posible /cFrancisco Vicente Caporiccio, Martina Perugini, Alejo Facundo Regules, Florencia Evé Vidaurreta. aBuenos Aires :bAbeledoPerrot,c2025. ap. 38-42 aCita: TR LALEY AR/DOC/230/2025.  aSumario: I. Introducción.— II. ¿De dónde partimos?— III. ¿Qué proponemos?— IV. Conclusión. t¿Te interesa el texto completo? Comunicate al correo: koha@justierradelfuego.gov.ar 0aDERECHO LABORAL 0aCONTRATO DE TRABAJO 0aPROCEDIMIENTO LABORAL 0aTELETRABAJO 0aFIRMA DIGITAL 0aNOTIFICACIÓN ELECTRÓNICA aPerugini, Martina0 02751dBuenos Aires : AbeledoPerrot, 2013-tRevista de derecho laboral y seguridad social. Nº 6 - Marzo 2025